Angažovanosť a spokojnosť zamestnancov diplomová práca

Guardado en:
Detalles Bibliográficos
Autor principal: Kamianetska, Anastasiia
Autor Corporativo: Fakulta podnikového manažmentu EU. Katedra manažmentu
Otros Autores: Blštáková, Jana, 1980-
Formato: Libro
Lenguaje:eslovaco
Publicado: Bratislava 2023
Etiquetas: Agregar Etiqueta
Sin Etiquetas, Sea el primero en etiquetar este registro!

MARC

LEADER 00000nbm a2200000 4500
001 0293530
005 20240514130358.8
041 0 |a slo 
044 |a SK 
245 1 0 |a Angažovanosť a spokojnosť zamestnancov  |b diplomová práca  |c Anastasiia Kamianetska ; školiteľ: Jana Blštáková 
264 1 |a Bratislava  |c 2023 
300 |a 73 s. 
100 1 |a Kamianetska, Anastasiia 
700 1 |a Blštáková, Jana, 1980- 
710 2 |a Fakulta podnikového manažmentu EU. Katedra manažmentu